Classement WTA/Janvier 2020 - Statistiques

Statistiques générales
  • Ce quiz a été pris 73 fois
  • Le résultat moyen est 37 sur 100
Statistiques - réponses
Rang Joueur Pays % Correct
4 Simona Halep Roumanie
92%
1 Ashleigh Barty Australie
89%
3 Naomi Osaka Japon
87%
10 Serena Williams États-Unis
87%
52 Venus Williams États-Unis
87%
46 Caroline Garcia France
80%
59 Alizé Cornet France
79%
39 Kristina Mladenovic France
79%
2 Karolina Pliskova République Tchèque
77%
67 Kristyna Pliskova République Tchèque
77%
6 Elina Svitolina Ukraine
74%
94 Kristie Ahn États-Unis
72%
17 Elise Mertens Belgique
70%
20 Angelique Kerber Allemagne
69%
8 Belinda Bencic Suisse
69%
7 Petra Kvitova République Tchèque
69%
11 Aryna Sabalenka Biélorussie
67%
5 Bianca Andreescu Canada
66%
36 Garbine Muguruza Espagne
66%
45 Jelena Ostapenko Lettonie
64%
23 Maria Sakkari Grèce
64%
50 Victoria Azarenka Biélorussie
62%
13 Madison Keys États-Unis
59%
60 Iga Swiatek Pologne
57%
12 Johanna Konta Royaume-Uni
57%
9 Kiki Bertens Pays-Bas
57%
25 Sloane Stephens États-Unis
56%
38 Caroline Wozniacki Danemark
51%
26 Anett Kontaveit Estonie
46%
76 Ons Jabeur Tunisie
46%
42 Saisai Zheng Chine
46%
40 Shuai Zhang Chine
46%
37 Elena Rybakina Kazakhstan
44%
15 Petra Martic Croatie
44%
68 Cori Gauff États-Unis
43%
16 Marketa Vondrousova République Tchèque
43%
79 Monica Puig Puerto Rico
43%
14 Sofia Kenin États-Unis
39%
29 Danielle Collins États-Unis
38%
19 Donna Vekic Croatie
38%
30 Qiang Wang Chine
38%
48 Yafan Wang Chine
38%
31 Anastasia Pavlyuchenkova Russie
34%
27 Anastasija Sevastova Lettonie
34%
21 Karolina Muchova République Tchèque
34%
43 Magda Linette Pologne
34%
63 Fiona Ferro France
33%
35 Ekatarina Alexandrova Russie
31%
99 Samantha Stosur Australie
31%
22 Dayana Yastremska Ukraine
30%
96 Jasmine Paolini Italie
30%
83 Jessica Pegula États-Unis
30%
62 Aliaksandra Sasnovich Biélorussie
28%
100 Camila Giorgi Italie
28%
85 Danka Kovinic Montenegro
28%
70 Daria Kasatkina Russie
28%
44 Rebecca Peterson Suède
28%
93 Arantxa Rus Pays-Bas
26%
54 Carla Suarez Navarro Espagne
26%
41 Veronika Kudermetova Russie
26%
24 Amanda Anisimova États-Unis
25%
58 Katerina Siniakova République Tchèque
25%
73 Lesia Tsurenko Ukraine
25%
57 Marie Bouzkova République Tchèque
25%
82 Misaki Doi Japon
25%
32 Su-Wei Hsieh Taiwan
23%
34 Yulia Putintseva Kazakhstan
23%
78 Andrea Petkovic Allemagne
21%
80 Viktorija Golubic Suisse
21%
51 Ajla Tomljanovic Australie
20%
47 Alison Van Uytvanck Belgique
18%
89 Timea Babos Hongrie
18%
55 Jennifer Brady États-Unis
16%
28 Julia Gorges Allemagne
16%
74 Sorana Cirstea Roumanie
16%
53 Svetlana Kuznetsova Russie
16%
61 Anna Blinkova Russie
15%
33 Barbora Strycova République Tchèque
15%
49 Polona Hercog Slovénie
15%
18 Alison Riske États-Unis
13%
69 Jil Teichmann Suisse
13%
71 Kristen Flipkens Belgique
13%
98 Ana Bogdan Roumanie
11%
75 Laura Siegemund Allemagne
11%
65 Tamara Zidansek Slovénie
11%
72 Lin Zhu Chine
10%
84 Sara Sorribes Tormo Espagne
10%
77 Zarina Diyas Kazakhstan
10%
92 Anastasia Potapova Russie
8%
95 Madison Brengle États-Unis
8%
91 Kateryna Kozlova Ukraine
7%
86 Tatjana Maria Allemagne
7%
81 Taylor Townsend États-Unis
7%
56 Viktoria Kuzmova Slovaquie
7%
66 Bernarda Pera États-Unis
5%
88 Christina McHale États-Unis
5%
87 Nina Stojanovic Serbie
5%
64 Lauren Davis États-Unis
3%
97 Paula Badosa Gibert Espagne
2%
90 Vitalia Diatchenko Russie
0%
Aucun quiz correspondant
Distribution des résultats
% des personnes avec chaque résultat
Percentile par nombre de réponses
Votre historique - résultats
Vous n’avez pas pris ce quiz